000 00474nam a22001577a 4500
999 _c61656
_d61656
005 20240411120918.0
008 240410s1987 enk||||| |||| 00| 0 eng d
041 _aeng
080 _a613.952
245 _aA Guide to Counseling the Breastfeeding Mother.
264 _c1987.
300 _a22 p.:
_bill.;
_c23 cm.
653 _aმეძუძური დედის კონსულტაცია
653 _aმედიცინა
942 _2udc
_cᲬᲘᲒᲜᲘ